K výkladu vyžadujúcemu rozpis splátky spotrebiteľského úveru
1. mája nadobudla účinnosť novelizácia zákona č. 129/2010 Z. z. o spotrebiteľských úveroch a o iných úveroch a pôžičkách pre spotrebiteľov a o zmene a doplnení niektorých zákonov v ktorej sa ako jedna z obsahových náležitostí zmluvy o spotrebiteľskom úvere už vyžaduje informácia o výške, počte a fre...
Uložené v:
| Hlavný autor: | |
|---|---|
| Ďalší autori: | |
| Médium: | Kapitola |
| Jazyk: | Slovak |
| Predmet: | |
| Tagy: |
Žiadne tagy, Buďte prvý, kto otaguje tento záznam!
|
MARC
| LEADER | 00000naa a2200000 4500 | ||
|---|---|---|---|
| 001 | 0249540 | ||
| 005 | 20181218092334.1 | ||
| 041 | 0 | |a slo | |
| 044 | |a SK | ||
| 245 | 1 | 0 | |a K výkladu vyžadujúcemu rozpis splátky spotrebiteľského úveru |c Richard Földeš, Ľubomír Džačár |
| 520 | |a 1. mája nadobudla účinnosť novelizácia zákona č. 129/2010 Z. z. o spotrebiteľských úveroch a o iných úveroch a pôžičkách pre spotrebiteľov a o zmene a doplnení niektorých zákonov v ktorej sa ako jedna z obsahových náležitostí zmluvy o spotrebiteľskom úvere už vyžaduje informácia o výške, počte a frekncii splátok spotrebiteľského úveru. Nahradza sa ňou predošlá, dlhodobo účinná dikcia, podľa ktorej má zmluva uvádzať výšku, počet a termíny splátok istiny, úrokov a iných poplatkov. | ||
| 610 | 2 | 0 | |a Slovensko |
| 610 | 2 | 0 | |a zákonník občiansky |
| 610 | 2 | 0 | |a spotrebitelia |
| 610 | 2 | 0 | |a úver |
| 610 | 2 | 0 | |a pôžičky |
| 610 | 2 | 0 | |a zmluvy úverové |
| 610 | 2 | 0 | |a splátky |
| 610 | 2 | 0 | |a úrok |
| 610 | 2 | 0 | |a hypotéky |
| 610 | 2 | 0 | |a sporenie stavebné |
| 610 | 2 | 0 | |a Súdny dvor Európskej únie |
| 610 | 2 | 0 | |a veritelia |
| 610 | 2 | 0 | |a súdy ústavné |
| 610 | 2 | 0 | |a novelizácia |
| 610 | 2 | 0 | |a história |
| 610 | 2 | 0 | |a správy dôvodové |
| 610 | 2 | 0 | |a Európska únia |
| 610 | 2 | 0 | |a zákonník obchodný |
| 610 | 2 | 0 | |a dlžníci |
| 610 | 2 | 0 | |a Česko |
| 610 | 2 | 0 | |a proporcionalita |
| 100 | 1 | |a Földeš, Richard | |
| 700 | 1 | |a Džačár, Ľubomír | |